Podnikateľské kontakty smerujú na vývoz

Bibliographic Details
Main Author: Rabatin, Štefan (Author)
Corporate Author: Nový domov, Spišská Nová Ves (Author)
Format: Article
Language:Slovak
Subjects:

MARC

LEADER 00000nab a2200000 a 4500
001 vtls001018340
003 SK-MaSNL
005 20260303223246.0
008 040720e19940216xo 0 slo
035 |a SN4284 
040 |a SNSK  |b slo  |c SNSK  |e AACR2 
041 0 |a slo 
044 |a xo  |c SK 
080 |a 684  |2 1981 
100 1 |a Rabatin, Štefan  |4 aut  |9 1022217 
245 1 0 |a Podnikateľské kontakty smerujú na vývoz 
610 2 7 |a Nový domov, Spišská Nová Ves  |2 SNSK  |9 1021493 
650 0 7 |a drevospracujúci priemysel  |2 SNSK  |9 1118 
650 0 7 |a nábytkársky priemysel  |2 SNSK  |9 72681 
650 0 7 |a činnosť  |2 SNSK  |9 282874 
650 0 7 |a aktivity nové  |2 SNSK  |9 1257615 
650 0 7 |a články informačné  |2 SNSK  |9 1017188 
651 7 |a Spišská Nová Ves (Slovensko)  |2 SNSK  |9 28800 
651 7 |a SN,  |2 SNSK  |9 1021277 
655 7 |a periodikum  |2 snkbucl  |9 29553 
710 2 |a Nový domov, Spišská Nová Ves  |4 aut  |9 1021493 
773 0 8 |t Drevárska súčasnosť  |g Roč. 5, č.3, 16.2.1994, s. 5 
852 |a ZVYKNI  |b KIS3GCP 
999 |c 2246830  |d 2248760